Kopf-an-Kopf - Länder - Statistiken

Allgemein
  • Dieses Quiz wurde 50.888 mal gespielt
  • Das Durchschnittsergebnis liegt bei 12 aus 15
Antwortstatistiken
Frage Antwort % Korrekt
Welches Land ist flächenmäßig größer?
96%
Welches hat eine längere Küstenlinie?
91%
Welches Land wird pro Jahr von mehr Touristen besucht? (Stand: 2018)
89%
Wo leben mehr Menschen?
88%
Wessen Volksbezeichnung endet (in der Mehrzahl) mit -en?
88%
Welches hat weiter nördlich Land?
87%
Welches hat mehr offizielle Landessprachen?
79%
Welches hat mehr Nachbarländer?
78%
Wer hat mehr Atomraketen?
76%
Welches dieser Länder liegt in Afrika?
75%
Welches dieser Länder verwendet den Dollar als Währung?
72%
Welches Land hatte mehr militärische Tote während des Zweiten Weltkriegs?
68%
Was liegt geografisch näher an Australien?
67%
Welches hat eine kältere Durchschnittstemperatur?
63%
In welchem Land leben mehr Menschen?
50%
Keine übereinstimmenden Quizze gefunden
Verteilung der Resultate
Anzahl Personen mit jedem Resultat
Perzentil nach korrekt beantworteten Fragen
Ihre Resultats-Entwicklung
Sie haben dieses Quiz noch nicht gespielt